Central Library OPAC University of Rajshahi

The export trade : (Record no. 4570)

MARC details
000 -LEADER
fixed length control field 00786nam a2200253 a 4500
001 - CONTROL NUMBER
control field 4570
003 - CONTROL NUMBER IDENTIFIER
rucl marc code BD-RjUL
005 - DATE AND TIME OF LATEST TRANSACTION
control field 20211208233921.0
008 - FIXED-LENGTH DATA ELEMENTS--GENERAL INFORMATION
fixed length control field 131223s1962 uk 001 0 eng d
035 ## - SYSTEM CONTROL NUMBER
System control number (BD-RjUL)4605
System control number (BD-RjUL)
040 ## - CATALOGING SOURCE
Original cataloging agency QUT
Language of cataloging eng
Transcribing agency QUT
Modifying agency VSC
-- BD-RjUL
041 ## - LANGUAGE CODE
Language code of text/sound track or separate title eng
082 04 - DEWEY DECIMAL CLASSIFICATION NUMBER
Classification number 347.613
Author mark and year SCE
100 1# - MAIN ENTRY--PERSONAL NAME
Personal name Schmitthoff, Clive M.
Fuller form of name (Clive Macmillan),
Dates associated with a name 1903-
9 (RLIN) 14424
245 14 - TITLE STATEMENT
Title The export trade :
Remainder of title the law and practice of international law /
Statement of responsibility, etc. byClive M. Schmitthoff.
250 ## - EDITION STATEMENT
Edition statement 4th ed.
260 ## - PUBLICATION, DISTRIBUTION, ETC. (IMPRINT)
Place of publication, distribution, etc. London :
Name of publisher, distributor, etc. Stevens,
Date of publication, distribution, etc. 1962.
300 ## - PHYSICAL DESCRIPTION
Pagination xxxii, 469 p. ;
Size 26 cm.
504 ## - BIBLIOGRAPHY, ETC. NOTE
Bibliography, etc Includes index.
650 #0 - SUBJECT ADDED ENTRY--TOPICAL TERM
Topical term or geographic name as entry element Export sales contracts
Geographic subdivision Great Britain.
9 (RLIN) 14425
Topical term or geographic name as entry element Foreign trade regulation
Geographic subdivision Great Britain.
9 (RLIN) 14426
942 ## - ADDED ENTRY ELEMENTS (KOHA)
Source of classification or shelving scheme Dewey Decimal Classification
Koha item type Books
Holdings
Lost status Source of classification or shelving scheme Damaged status Not for loan Collection code Permanent Location Current Location Shelving location Date acquired Source of acquisition Cost, normal purchase price Total Checkouts Full call number Date last seen Copy number Koha item type
  Dewey Decimal Classification   Not For Loan Non-fiction Central Library, University of Rajshahi Central Library, University of Rajshahi   16/04/1964 Zeitlinger 65.00   347.613 SCE 1962 23/12/2013 C-1 Books